000 00776nam a2200193 a 4500
008 120416s1979 ||||||||||||||||| || u
020 _a0574193707
050 _aHD 31 Car
100 _aCarlisle, Howard M
245 1 0 _aManagement essentials
246 _aconcepts and applications
260 _aChicago :
_bScience Research Associates
_c1979
300 _axiv, 495p. : ill.
350 _a0.00
500 _aIncludes bibliographies and indexes.
650 0 _aMANAGEMENT
995 _aBINDERY (DAMAGED)
_D0.00
_e707643
_FCBU-MAIN LIBRARY (Kitwe)
_H1
_I15.96
_jHD 31 Car
_M1
_UDAMAGED
_y019040
_ZMain Library Open Access Collection
995 _aBINDERY (DAMAGED)
_D0.00
_e726831
_FCBU-MAIN LIBRARY (Kitwe)
_H2
_I15.96
_jHD 31 Car
_M2
_UDAMAGED
_y020418
_ZMain Library Open Access Collection
999 _c82429
_d82429